[Event "Winterthur op-B 12th"]
[Site "Winterthur"]
[Date "2012.10.09"]
[Round "4"]
[White "Schwander, Lukas"]
[Black "Pfleger, Alfred"]
[Result "1-0"]
[WhiteElo "1746"]
[BlackElo "1941"]
[PlyCount "91"]
[EventDate "2012.10.06"]
[EventType "swiss"]
[EventRounds "9"]
[EventCountry "SUI"]
[SourceTitle "EXT 2015"]
[Source "ChessBase"]
[SourceDate "2014.11.20"]
[SourceVersion "1"]
[SourceVersionDate "2014.11.20"]
[SourceQuality "1"]

1. Nf3 Nf6 2. g3 d5 3. c4 e6 4. Bg2 Be7 5. d4 0-0 6. 0-0 Nbd7 7. Nbd2 Rb8 8. b3 b6 9. Bb2 c5 10. dxc5 bxc5 11. Ne5 Bb7 12. Qc2 Nxe5 13. Bxe5 Bd6 14. Bxd6 Qxd6 15. Rfe1 Qb6 16. Rac1 Rfc8 17. h3 a5 18. g4 h6 19. Qc3 d4 20. Qg3 Bxg2 21. Qxg2 Qb7 22. Qxb7 Rxb7 23. f4 g5 24. fxg5 hxg5 25. Rf1 Kg7 26. Rf3 a4 27. Rcf1 axb3 28. axb3 Ne8 29. Ne4 Kg6 30. Ra1 Rc6 31. Ra8 Re7 32. Ra5 Rec7 33. b4 f5 34. Nxc5 Rxc5 35. Rxc5 Rxc5 36. bxc5 f4 37. Rb3 e5 38. c6 Kf6 39. Rb8 Ke7 40. c5 Nc7 41. Rg8 Kf6 42. Rc8 Ne6 43. c7 Nxc7 44. Rxc7 e4 45. Rd7 Ke5 46. c6 1-0